| 000 | 02626cam a2200481 i 4500 | ||
|---|---|---|---|
| 001 | sjds18118047 | ||
| 003 | sjds | ||
| 005 | 20161003140710.0 | ||
| 008 | 140407t20152015scua j b 000 0 eng c | ||
| 010 | _a 2014011054 | ||
| 020 | _a9781628554472 (english hardcover : alk. paper) | ||
| 020 | _a9781628554557 (english pbk. : alk. paper) | ||
| 020 | _z9781628554717 (english downloadable ebook) | ||
| 020 | _z9781628554878 (english interactive dual-language ebook) | ||
| 020 | _z9781628554632 (spanish pbk. : alk. paper) | ||
| 020 | _z9781628554793 (spanish downloadable ebook) | ||
| 020 | _z9781628554953 (spanish interactive dual-language ebook) | ||
| 040 |
_aNJQ/DLC _beng _cNJQ _erda _dDLC |
||
| 041 | _aspa | ||
| 042 | _apcc | ||
| 050 | 0 | 0 |
_aQL677.78 _b.C88 2015 |
| 082 | 0 | 4 |
_a639.97/89 _223 |
| 100 | 1 |
_aCurtis, Jennifer Keats, _eauthor. |
|
| 245 | 1 | 0 |
_aCentros de aves rapaces = Raptor centers / _cby Jennifer Keats Curtis ; with California Raptor Center, UC Davis School of Veterinary Medicine, Carolina Raptor Center, Raptor Rehabilitation of Kentucky, Rocky Mountain Raptor Program, The Raptor Center at the University of Minnesota, Tri-State Bird Rescue & Research, and Peter McGowan of the U.S. Fish and Wildlife Service. |
| 246 | 1 | 3 | _aAnimal helpers--raptor centers |
| 246 | 1 | 3 | _aAyudantes de animales: centros de aves rapaces |
| 260 |
_aMount Pleasant, SC : _bArbordale Publishing, _cc2014. |
||
| 264 | 1 |
_aMount Pleasant, SC : _bArbordale Publishing, _cc2014. |
|
| 300 |
_a1 volume (unpaged) : _bcolor illustrations ; _c26 cm. |
||
| 336 |
_atext _2rdacontent |
||
| 337 |
_aunmediated _2rdamedia |
||
| 338 |
_avolume _2rdacarrier |
||
| 490 | 1 | _aAnimal helpers | |
| 500 | _a“Incluye 4 páginas de actividades para la enseñanza” – back cover. | ||
| 504 | _aIncludes bibliographical references. | ||
| 520 |
_a"Even powerful birds of prey can get sick or hurt. When that happens, animal helpers at raptor centers come to the rescue! Dedicated staff treats injured, sick, and orphaned animals. They return the birds to their native environment or find forever homes at education and raptor centers for those that can't survive in the wild. Follow along in this photographic journal as staff and volunteers come together to care for these remarkable birds."-- _cProvided by publisher. |
||
| 521 | 1 | _aAges 4-8. | |
| 650 | 0 |
_aBirds of prey _xWounds and injuries _xTreatment _vJuvenile literature. |
|
| 650 | 0 |
_aWildlife rehabilitation _vJuvenile literature. |
|
| 650 | 0 |
_aWildlife rescue _vJuvenile literature. |
|
| 800 | 1 |
_aCurtis, Jennifer Keats. _tAnimal helpers. |
|
| 942 |
_2ddc _cBK |
||
| 999 |
_c16267 _d16267 |
||